[Event "MCR druzstev mladsich zaku 2016"]
[Site "Hradec Kralove"]
[Date "2016.06.12"]
[Round "1.1"]
[White "Jares (Zelezne Hory), Michal"]
[Black "Krejcok (BSS F-M \"A\"), Tobias"]
[Result "0-1"]
[BlackElo "1794"]
[WhiteElo "1602"]
[LiveChessVersion "1.4.8"]

1. d4 {[%clk 0:25:17]} Nf6 {[%clk 0:25:08]} 2. c4 {[%clk 0:25:22]} e6
{[%clk 0:25:08]} 3. Nc3 {[%clk 0:25:14]} d5 {[%clk 0:25:07]} 4. cxd5
{[%clk 0:25:15]} exd5 {[%clk 0:25:05]} 5. Bg5 {[%clk 0:23:21]} c6
{[%clk 0:24:21]} 6. e3 {[%clk 0:22:26]} Be7 {[%clk 0:24:08]} 7. Bd3
{[%clk 0:21:48]} h6 {[%clk 0:24:02]} 8. Bh4 {[%clk 0:21:30]} Be6 {[%clk 0:21:16]}
9. Nf3 {[%clk 0:20:51]} Nbd7 {[%clk 0:21:02]} 10. O-O {[%clk 0:19:46]} O-O
{[%clk 0:20:42]} 11. a3 {[%clk 0:17:58]} Rc8 {[%clk 0:20:05]} 12. b4
{[%clk 0:16:56]} a5 {[%clk 0:19:41]} 13. Rb1 {[%clk 0:15:51]} axb4
{[%clk 0:18:39]} 14. axb4 {[%clk 0:15:52]} Ra8 {[%clk 0:16:30]} 15. Na4
{[%clk 0:13:42]} Ne4 {[%clk 0:15:04]} 16. Bxe7 {[%clk 0:12:15]} Qxe7
{[%clk 0:15:12]} 17. Bxe4 {[%clk 0:11:21]} dxe4 {[%clk 0:15:21]} 18. Nd2
{[%clk 0:10:49]} Bd5 {[%clk 0:13:58]} 19. Nc5 {[%clk 0:10:09]} b6
{[%clk 0:13:52]} 20. Nxd7 {[%clk 0:09:42]} Qxd7 {[%clk 0:14:01]} 21. Ra1
{[%clk 0:08:49]} Qe7 {[%clk 0:13:13]} 22. Qc2 {[%clk 0:08:17]} Rfc8 23. Rfc1
{[%clk 0:02:52]} f5 {[%clk 0:04:16]} 24. Qc3 {[%clk 0:02:07]} Qe6
{[%clk 0:03:43]} 25. h3 {[%clk 0:01:41]} g5 {[%clk 0:02:19]} 26. Rxa8
{[%clk 0:01:41]} Rxa8 {[%clk 0:02:29]} 27. Nc4 {[%clk 0:01:34]} f4
{[%clk 0:02:15]} 28. Nxb6 {[%clk 0:01:27]} Rb8 {[%clk 0:01:27]} 29. Nxd5
{[%clk 0:01:32]} cxd5 {[%clk 0:01:30]} 30. Qc5 {[%clk 0:01:21]} f3
{[%clk 0:01:18]} 31. b5 {[%clk 0:00:55]} fxg2 {[%clk 0:01:17]} 32. Kxg2
{[%clk 0:00:59]} g4 {[%clk 0:01:05]} 33. h4 {[%clk 0:01:04]} Rf8 34. Qc6
{[%clk 0:00:59]} Qf5 {[%clk 0:00:44]} 35. Rf1 {[%clk 0:00:52]} Rf6
{[%clk 0:00:16]} 36. Qe8+ {[%clk 0:00:53]} Kg7 {[%clk 0:00:23]} 37. Qe7+
{[%clk 0:00:51]} Kg6 {[%clk 0:00:24]} 38. Qe8+ {[%clk 0:00:57]} Rf7
{[%clk 0:00:32]} 39. Qg8+ {[%clk 0:00:53]} Rg7 {[%clk 0:00:41]} 40. Qe8+
{[%clk 0:00:59]} Kh7 {[%clk 0:00:50]} 41. Qe5 {[%clk 0:00:43]} Qf3+
{[%clk 0:00:41]} 42. Kg1 {[%clk 0:00:45]} g3 {[%clk 0:00:47]} 43. Qf4
{[%clk 0:00:24]} gxf2+ {[%clk 0:00:52]} 44. Kh2 0-1

[Event "MCR druzstev mladsich zaku 2016"]
[Site "Hradec Kralove"]
[Date "2016.06.12"]
[Round "1.2"]
[White "Mica (BSS F-M \"A\"), Marek"]
[Black "Rozek (Zelezne Hory), Jan"]
[Result "0-1"]
[BlackElo "1285"]
[WhiteElo "1859"]
[LiveChessVersion "1.4.8"]

1. d4 {[%clk 0:25:17]} d5 {[%clk 0:25:20]} 2. c4 {[%clk 0:25:25]} c6
{[%clk 0:25:24]} 3. Nc3 {[%clk 0:25:33]} Nf6 {[%clk 0:25:28]} 4. Nf3
{[%clk 0:25:37]} Bf5 {[%clk 0:25:28]} 5. Qb3 {[%clk 0:25:31]} Qc7
{[%clk 0:25:16]} 6. Bg5 {[%clk 0:25:07]} Nbd7 {[%clk 0:25:19]} 7. e3
{[%clk 0:25:11]} e6 {[%clk 0:25:19]} 8. Be2 {[%clk 0:25:12]} Bg4 {[%clk 0:25:03]}
9. O-O {[%clk 0:25:09]} Bxf3 {[%clk 0:25:05]} 10. Bxf3 {[%clk 0:25:17]} Be7
{[%clk 0:24:50]} 11. cxd5 {[%clk 0:25:01]} exd5 {[%clk 0:24:43]} 12. Rfc1
{[%clk 0:24:57]} Qa5 {[%clk 0:23:33]} 13. Bf4 {[%clk 0:24:38]} O-O
{[%clk 0:22:47]} 14. Qxb7 {[%clk 0:24:02]} Rfc8 {[%clk 0:21:05]} 15. Qb3
{[%clk 0:22:37]} Nb6 {[%clk 0:19:54]} 16. Qc2 {[%clk 0:20:02]} Nc4
{[%clk 0:17:52]} 17. b3 {[%clk 0:18:50]} Nd6 {[%clk 0:17:42]} 18. Na4
{[%clk 0:17:26]} Qb4 {[%clk 0:15:45]} 19. a3 {[%clk 0:17:19]} Qb7
{[%clk 0:15:50]} 20. Nc5 {[%clk 0:17:27]} Qb6 {[%clk 0:15:09]} 21. b4
{[%clk 0:16:47]} Nb7 {[%clk 0:13:58]} 22. Rab1 {[%clk 0:16:13]} Nd6
{[%clk 0:11:38]} 23. Be2 {[%clk 0:15:07]} Nb5 {[%clk 0:09:26]} 24. Qb3
{[%clk 0:14:25]} Bd6 {[%clk 0:07:52]} 25. Bg5 {[%clk 0:13:23]} Be7
{[%clk 0:08:00]} 26. Nd7 {[%clk 0:12:27]} Nxd7 {[%clk 0:07:39]} 27. Bxe7
{[%clk 0:12:35]} Re8 {[%clk 0:07:45]} 28. Bh4 {[%clk 0:12:22]} Nd6
{[%clk 0:07:48]} 29. Qc2 Rac8 30. Bg4 {[%clk 0:10:34]} Qb7 {[%clk 0:07:45]} 31.
Be2 {[%clk 0:09:16]} Ne4 {[%clk 0:06:58]} 32. Bd3 {[%clk 0:08:16]} f5
{[%clk 0:06:05]} 33. Bxe4 {[%clk 0:07:04]} fxe4 {[%clk 0:05:51]} 34. Rb3
{[%clk 0:05:57]} Rf8 {[%clk 0:05:26]} 35. Rc3 {[%clk 0:06:04]} Nb6
{[%clk 0:03:49]} 36. Rxc6 {[%clk 0:05:46]} Rxc6 {[%clk 0:03:55]} 37. Qxc6
{[%clk 0:05:53]} Qxc6 {[%clk 0:04:04]} 38. Rxc6 {[%clk 0:06:01]} Rc8
{[%clk 0:04:13]} 39. Rxc8+ {[%clk 0:05:56]} Nxc8 {[%clk 0:04:21]} 40. Bd8
{[%clk 0:05:26]} Kf8 {[%clk 0:04:18]} 41. a4 {[%clk 0:05:11]} Ke8
{[%clk 0:04:27]} 42. Ba5 {[%clk 0:05:13]} Kd7 {[%clk 0:04:35]} 43. Kf1
{[%clk 0:05:14]} Kc6 {[%clk 0:04:25]} 44. Ke2 {[%clk 0:05:12]} Nd6
{[%clk 0:04:33]} 45. Kd2 {[%clk 0:03:51]} Nc4+ {[%clk 0:04:32]} 46. Kc3
{[%clk 0:04:00]} a6 {[%clk 0:04:32]} 47. Bd8 {[%clk 0:03:53]} Kd7
{[%clk 0:04:37]} 48. Bh4 {[%clk 0:03:53]} Kc6 {[%clk 0:04:38]} 49. Bg3
{[%clk 0:04:01]} g6 {[%clk 0:04:35]} 50. Bf4 {[%clk 0:04:03]} Kb6
{[%clk 0:04:30]} 51. f3 {[%clk 0:04:09]} exf3 {[%clk 0:04:27]} 52. gxf3
{[%clk 0:04:15]} Kc6 {[%clk 0:04:31]} 53. e4 {[%clk 0:04:15]} Nb6
{[%clk 0:04:27]} 54. Kb3 {[%clk 0:03:57]} Nd7 {[%clk 0:04:18]} 55. e5
{[%clk 0:02:58]} Nf8 {[%clk 0:04:07]} 56. Kc3 {[%clk 0:02:50]} Ne6
{[%clk 0:04:14]} 57. Be3 {[%clk 0:02:56]} Kb6 {[%clk 0:04:11]} 58. h4
{[%clk 0:03:00]} a5 {[%clk 0:04:19]} 59. b5 {[%clk 0:02:26]} Kb7 {[%clk 0:04:11]}
60. Bg5 {[%clk 0:02:28]} Kb6 {[%clk 0:04:00]} 61. Kd3 {[%clk 0:02:02]} Kb7
{[%clk 0:04:06]} 62. Be3 {[%clk 0:01:58]} Kb6 {[%clk 0:04:14]} 63. Ke2
{[%clk 0:01:48]} h5 {[%clk 0:04:15]} 64. Kd3 {[%clk 0:01:10]} Kb7
{[%clk 0:03:35]} 65. Bd2 {[%clk 0:01:06]} Kb6 {[%clk 0:03:41]} 66. Ke3
{[%clk 0:00:52]} Ng7 {[%clk 0:03:40]} 0-1

[Event "MCR druzstev mladsich zaku 2016"]
[Site "Hradec Kralove"]
[Date "2016.06.12"]
[Round "1.3"]
[White "Leksova (Zelezne Hory), Sona"]
[Black "Gnojek (BSS F-M \"A\"), Petr"]
[Result "0-1"]
[BlackElo "1748"]
[WhiteElo "1318"]
[LiveChessVersion "1.4.8"]

1. e4 {[%clk 0:25:18]} c5 {[%clk 0:25:17]} 2. c4 {[%clk 0:25:24]} Nc6
{[%clk 0:24:51]} 3. Nc3 {[%clk 0:24:51]} g6 {[%clk 0:24:53]} 4. Be2
{[%clk 0:24:41]} Bg7 {[%clk 0:25:01]} 5. Nf3 {[%clk 0:23:55]} d6 {[%clk 0:24:25]}
6. h3 {[%clk 0:23:07]} Nf6 {[%clk 0:24:10]} 7. O-O {[%clk 0:20:39]} O-O
{[%clk 0:23:37]} 8. Nd5 {[%clk 0:19:58]} Nxe4 {[%clk 0:22:53]} 9. d3
{[%clk 0:18:58]} Nf6 {[%clk 0:22:43]} 10. Nxf6+ {[%clk 0:18:50]} Bxf6
{[%clk 0:22:44]} 11. Rb1 {[%clk 0:18:26]} Be6 {[%clk 0:22:01]} 12. Ng5
{[%clk 0:17:29]} Bd7 {[%clk 0:20:31]} 13. Bg4 {[%clk 0:16:52]} Ne5
{[%clk 0:19:49]} 14. Bxd7 {[%clk 0:16:16]} Qxd7 {[%clk 0:19:54]} 15. Ne4
{[%clk 0:16:15]} Bg7 {[%clk 0:19:52]} 16. b4 {[%clk 0:15:40]} b6 {[%clk 0:18:37]}
17. b5 {[%clk 0:15:34]} d5 {[%clk 0:18:27]} 18. Bf4 {[%clk 0:14:42]} dxe4
{[%clk 0:18:12]} 19. Bxe5 {[%clk 0:14:47]} Bxe5 {[%clk 0:18:19]} 20. dxe4
{[%clk 0:14:40]} Rfd8 {[%clk 0:18:17]} 21. Qd5 {[%clk 0:14:03]} Qc7
{[%clk 0:17:57]} 22. Qc6 {[%clk 0:13:43]} Qxc6 {[%clk 0:18:05]} 23. bxc6
{[%clk 0:13:51]} Rac8 {[%clk 0:18:14]} 24. f4 {[%clk 0:13:56]} Bd4+
{[%clk 0:18:16]} 25. Kh2 {[%clk 0:13:54]} Rxc6 {[%clk 0:18:24]} 26. f5
{[%clk 0:13:50]} Rf6 {[%clk 0:17:42]} 27. fxg6 {[%clk 0:13:40]} fxg6
{[%clk 0:17:45]} 28. a4 {[%clk 0:13:23]} Rxf1 {[%clk 0:17:41]} 29. Rxf1
{[%clk 0:13:29]} Rf8 {[%clk 0:17:50]} 30. Re1 {[%clk 0:13:20]} Rf2
{[%clk 0:17:51]} 31. e5 {[%clk 0:13:21]} Rc2 {[%clk 0:17:52]} 32. a5
{[%clk 0:13:23]} Rxc4 {[%clk 0:17:52]} 33. axb6 {[%clk 0:13:30]} axb6
{[%clk 0:18:01]} 34. e6 {[%clk 0:13:28]} b5 {[%clk 0:18:03]} 35. Rf1
{[%clk 0:13:35]} Bf6 {[%clk 0:18:12]} 36. Rb1 {[%clk 0:13:26]} Rb4
{[%clk 0:18:10]} 37. Rc1 {[%clk 0:13:29]} c4 {[%clk 0:18:18]} 38. Kg3
{[%clk 0:13:16]} c3 {[%clk 0:18:16]} 39. h4 {[%clk 0:13:12]} Rc4 {[%clk 0:18:20]}
40. Kf3 {[%clk 0:12:54]} c2 {[%clk 0:18:25]} 41. Ke3 {[%clk 0:12:53]} Bb2
{[%clk 0:18:20]} 42. Rxc2 {[%clk 0:09:02]} Rxc2 {[%clk 0:18:28]} 43. g4
{[%clk 0:09:05]} b4 {[%clk 0:18:37]} 44. h5 {[%clk 0:09:13]} b3 {[%clk 0:18:45]}
45. hxg6 {[%clk 0:09:20]} hxg6 {[%clk 0:18:54]} 46. Kf4 {[%clk 0:09:28]} Bf6
{[%clk 0:19:00]} 47. g5 {[%clk 0:09:36]} Bg7 {[%clk 0:19:09]} 0-1

[Event "MCR druzstev mladsich zaku 2016"]
[Site "Hradec Kralove"]
[Date "2016.06.12"]
[Round "1.5"]
[White "Pospisil (Zelezne Hory), Simon"]
[Black "Fizerova (BSS F-M \"A\"), Lucie"]
[Result "0-1"]
[BlackElo "1496"]
[WhiteElo "1237"]
[LiveChessVersion "1.4.8"]

1. e4 {[%clk 0:25:17]} c5 {[%clk 0:25:19]} 2. Nf3 {[%clk 0:25:24]} Nc6
{[%clk 0:25:28]} 3. Bb5 {[%clk 0:25:33]} e6 {[%clk 0:25:32]} 4. d3
{[%clk 0:25:31]} Be7 {[%clk 0:25:34]} 5. O-O {[%clk 0:25:36]} Nf6
{[%clk 0:25:39]} 6. e5 {[%clk 0:25:13]} Nd5 {[%clk 0:25:46]} 7. c4
{[%clk 0:25:01]} Nc7 {[%clk 0:25:42]} 8. d4 {[%clk 0:24:23]} cxd4
{[%clk 0:25:24]} 9. Nxd4 {[%clk 0:24:30]} O-O {[%clk 0:25:29]} 10. Bxc6
{[%clk 0:24:14]} bxc6 {[%clk 0:25:36]} 11. Qg4 {[%clk 0:24:07]} Kh8
{[%clk 0:25:26]} 12. Qf3 {[%clk 0:23:57]} f6 {[%clk 0:23:00]} 13. exf6
{[%clk 0:22:51]} Bxf6 {[%clk 0:23:07]} 14. Nc2 {[%clk 0:22:25]} Bxb2
{[%clk 0:22:43]} 15. Qb3 {[%clk 0:19:40]} Bxa1 {[%clk 0:22:31]} 16. Nc3
{[%clk 0:19:42]} Bxc3 {[%clk 0:22:17]} 17. Qxc3 {[%clk 0:19:50]} Qf6
{[%clk 0:22:05]} 18. Qg3 {[%clk 0:19:32]} e5 {[%clk 0:20:21]} 19. Bb2
{[%clk 0:19:41]} d6 {[%clk 0:20:21]} 20. c5 {[%clk 0:19:50]} Re8 {[%clk 0:19:24]}
21. cxd6 {[%clk 0:19:56]} Qxd6 {[%clk 0:19:31]} 22. Re1 {[%clk 0:19:50]} Ne6
{[%clk 0:15:38]} 23. f4 {[%clk 0:18:34]} Qc5+ {[%clk 0:15:03]} 24. Kf1
{[%clk 0:16:59]} Ba6+ {[%clk 0:14:36]} 25. Re2 {[%clk 0:16:34]} Bxe2+
{[%clk 0:14:44]} 26. Kxe2 {[%clk 0:16:43]} Qxc2+ {[%clk 0:14:51]} 27. Ke1
{[%clk 0:16:51]} Qxb2 {[%clk 0:14:55]} 28. fxe5 {[%clk 0:16:56]} Nd4
{[%clk 0:14:47]} 29. Qd3 {[%clk 0:16:30]} Rxe5+ {[%clk 0:14:34]} 30. Kd1
{[%clk 0:16:39]} Qa1+ {[%clk 0:14:36]} 31. Kd2 {[%clk 0:16:48]} Re2+
{[%clk 0:14:33]} 32. Qxe2 {[%clk 0:16:51]} Nxe2 {[%clk 0:14:42]} 33. Kxe2
{[%clk 0:16:59]} Re8+ {[%clk 0:14:50]} 34. Kd2 {[%clk 0:17:08]} Qd4+ 35. Kc2
{[%clk 0:17:16]} Re2+ {[%clk 0:15:02]} 36. Kb3 {[%clk 0:17:19]} Re3+
{[%clk 0:15:10]} 37. Kc2 {[%clk 0:17:24]} Qd3+ {[%clk 0:15:16]} 38. Kc1
{[%clk 0:17:29]} Re1+ {[%clk 0:15:20]} 39. Kb2 {[%clk 0:17:37]} Rb1#
{[%clk 0:15:27]} 0-1

[Event "MCR druzstev mladsich zaku 2016"]
[Site "Hradec Kralove"]
[Date "2016.06.12"]
[Round "1.6"]
[White "Fizer (BSS F-M \"A\"), Marek"]
[Black "Nespurek (Zelezne Hory), Jakub"]
[Result "0-1"]
[BlackElo "1181"]
[WhiteElo "1522"]
[LiveChessVersion "1.4.8"]

1. e4 {[%clk 0:25:18]} e5 {[%clk 0:25:19]} 2. f4 {[%clk 0:25:27]} d6
{[%clk 0:25:26]} 3. Nf3 {[%clk 0:25:29]} Nc6 {[%clk 0:25:33]} 4. Bb5
{[%clk 0:25:31]} Bd7 {[%clk 0:25:40]} 5. O-O {[%clk 0:25:28]} Be7
{[%clk 0:25:47]} 6. fxe5 {[%clk 0:25:24]} dxe5 {[%clk 0:25:31]} 7. d4
{[%clk 0:25:25]} exd4 {[%clk 0:24:36]} 8. Nxd4 {[%clk 0:25:13]} Nxd4
{[%clk 0:24:31]} 9. Qh5 {[%clk 0:24:06]} g6 {[%clk 0:23:08]} 10. Qd5
{[%clk 0:24:10]} Bxb5 {[%clk 0:21:04]} 11. Qxf7+ {[%clk 0:24:15]} Kd7
{[%clk 0:20:41]} 12. Qd5+ {[%clk 0:24:09]} Kc8 {[%clk 0:20:33]} 13. Qe5
{[%clk 0:22:30]} Bxf1 {[%clk 0:18:37]} 14. Qxh8 {[%clk 0:22:36]} Bf6
{[%clk 0:18:37]} 15. Qxh7 {[%clk 0:22:42]} Nxc2 {[%clk 0:17:03]} 16. Bf4
{[%clk 0:22:32]} Nxa1 {[%clk 0:14:50]} 17. Kxf1 {[%clk 0:22:38]} g5
{[%clk 0:12:18]} 18. Bg3 {[%clk 0:22:11]} Be7 {[%clk 0:11:07]} 19. e5
{[%clk 0:20:37]} Qf8+ {[%clk 0:10:18]} 20. Ke2 {[%clk 0:20:35]} Qe8
{[%clk 0:06:34]} 21. Nc3 {[%clk 0:19:57]} Bf6 {[%clk 0:05:45]} 22. Kf2
{[%clk 0:19:43]} Bxe5 {[%clk 0:03:44]} 23. Bxe5 {[%clk 0:19:51]} Qxe5
{[%clk 0:03:36]} 24. Qxg8+ {[%clk 0:19:56]} Kd7 {[%clk 0:03:41]} 25. Qxa8
{[%clk 0:19:53]} Qf4+ {[%clk 0:03:23]} 26. Ke2 {[%clk 0:19:53]} Qc4+
{[%clk 0:03:08]} 27. Kd2 {[%clk 0:19:35]} Qd4+ {[%clk 0:02:44]} 28. Kc1
{[%clk 0:19:36]} Qe3+ {[%clk 0:02:13]} 29. Kd1 {[%clk 0:19:44]} Qd3+
{[%clk 0:02:05]} 30. Ke1 {[%clk 0:19:41]} Nc2+ {[%clk 0:02:06]} 31. Kf2
{[%clk 0:19:45]} Qe3+ {[%clk 0:02:06]} 32. Kf1 {[%clk 0:19:41]} Qe1#
{[%clk 0:02:03]} 0-1

[Event "MCR druzstev mladsich zaku 2016"]
[Site "Hradec Kralove"]
[Date "2016.06.12"]
[Round "1.7"]
[White "Stalmach (BSS F-M \"B\"), Richard"]
[Black "Malkova (SK 64 Plzen), Adriana"]
[Result "1-0"]
[BlackElo "1456"]
[WhiteElo "1843"]
[LiveChessVersion "1.4.8"]

1. d4 {[%clk 0:25:18]} d5 {[%clk 0:25:17]} 2. Nf3 {[%clk 0:25:26]} Nc6
{[%clk 0:24:35]} 3. c4 {[%clk 0:25:07]} e6 {[%clk 0:23:50]} 4. g3
{[%clk 0:24:48]} Nf6 {[%clk 0:23:34]} 5. Bg2 {[%clk 0:24:53]} Bb4+
{[%clk 0:22:28]} 6. Bd2 {[%clk 0:24:55]} Bxd2+ {[%clk 0:20:36]} 7. Qxd2
{[%clk 0:24:51]} dxc4 {[%clk 0:19:56]} 8. Na3 {[%clk 0:23:16]} O-O
{[%clk 0:19:26]} 9. Nxc4 {[%clk 0:23:02]} Nd5 {[%clk 0:18:22]} 10. O-O
{[%clk 0:22:33]} a6 {[%clk 0:16:57]} 11. e4 {[%clk 0:22:01]} Nf6 {[%clk 0:16:28]}
12. Rfe1 {[%clk 0:21:52]} Re8 {[%clk 0:15:18]} 13. Rac1 {[%clk 0:19:25]} b5
{[%clk 0:13:35]} 14. Nce5 {[%clk 0:19:30]} Nxe5 {[%clk 0:13:15]} 15. Nxe5
{[%clk 0:19:35]} Bb7 {[%clk 0:12:23]} 16. Qc3 {[%clk 0:17:34]} Rc8
{[%clk 0:11:07]} 17. Nd3 {[%clk 0:16:58]} Re7 {[%clk 0:06:20]} 18. Nc5
{[%clk 0:15:26]} Rb8 {[%clk 0:05:33]} 19. Nxb7 {[%clk 0:15:16]} Rxb7
{[%clk 0:05:40]} 20. d5 {[%clk 0:14:55]} exd5 {[%clk 0:05:26]} 21. exd5
{[%clk 0:14:59]} Rxe1+ {[%clk 0:05:26]} 22. Rxe1 {[%clk 0:15:08]} Rb8
{[%clk 0:04:59]} 23. Qe5 {[%clk 0:14:45]} Qe8 {[%clk 0:03:48]} 24. f4
{[%clk 0:14:38]} Qxe5 {[%clk 0:03:24]} 25. fxe5 {[%clk 0:14:40]} Re8
{[%clk 0:02:14]} 26. h3 {[%clk 0:12:16]} Nd7 {[%clk 0:01:55]} 27. e6
{[%clk 0:12:21]} fxe6 {[%clk 0:02:03]} 28. dxe6 {[%clk 0:12:29]} Re7
{[%clk 0:01:02]} 29. Kf2 {[%clk 0:11:57]} Nc5 {[%clk 0:00:46]} 30. Re3
{[%clk 0:10:26]} Nxe6 {[%clk 0:00:32]} 31. Bd5 {[%clk 0:10:34]} Kf7
{[%clk 0:00:29]} 32. b4 {[%clk 0:10:35]} h6 {[%clk 0:00:27]} 33. Bb7
{[%clk 0:09:52]} Nd8 {[%clk 0:00:23]} 34. Bxa6 {[%clk 0:09:49]} Rxe3
{[%clk 0:00:30]} 35. Kxe3 {[%clk 0:09:58]} c6 {[%clk 0:00:39]} 36. Bc8
{[%clk 0:10:01]} Ke7 {[%clk 0:00:43]} 37. Kd4 {[%clk 0:09:16]} Kd6
{[%clk 0:00:47]} 38. Bf5 {[%clk 0:09:14]} Ne6+ {[%clk 0:00:30]} 39. Ke4
{[%clk 0:07:10]} Ng5+ {[%clk 0:00:25]} 40. Kf4 {[%clk 0:06:34]} c5
{[%clk 0:00:20]} 41. bxc5+ {[%clk 0:06:43]} Kxc5 {[%clk 0:00:29]} 42. h4
{[%clk 0:06:50]} Nf7 {[%clk 0:00:31]} 43. Kg4 {[%clk 0:06:50]} Ne5+
{[%clk 0:00:27]} 44. Kh5 {[%clk 0:06:44]} Kb4 {[%clk 0:00:32]} 45. Be6
{[%clk 0:06:26]} Ka3 {[%clk 0:00:31]} 46. g4 {[%clk 0:06:27]} Nc4
{[%clk 0:00:30]} 47. Kg6 {[%clk 0:06:33]} Kxa2 {[%clk 0:00:37]} 48. Kxg7
{[%clk 0:06:39]} Kb3 {[%clk 0:00:40]} 49. Kxh6 {[%clk 0:06:45]} b4
{[%clk 0:00:47]} 50. Bf5 {[%clk 0:06:47]} Kc3 {[%clk 0:00:54]} 51. g5
{[%clk 0:06:55]} b3 {[%clk 0:01:03]} 52. g6 {[%clk 0:07:00]} b2 {[%clk 0:01:12]}
53. g7 {[%clk 0:07:09]} Ne3 {[%clk 0:00:41]} 54. Bb1 {[%clk 0:06:55]} Ng4+
{[%clk 0:00:40]} 55. Kg5 {[%clk 0:07:00]} Ne5 {[%clk 0:00:42]} 56. g8=Q
{[%clk 0:07:07]} Nf3+ {[%clk 0:00:23]} 57. Kg4 {[%clk 0:07:09]} 1-0

[Event "MCR druzstev mladsich zaku 2016"]
[Site "Hradec Kralove"]
[Date "2016.06.12"]
[Round "1.8"]
[White "Maresova (SK 64 Plzen), Michaela"]
[Black "Nytra (BSS F-M \"B\"), Ondrej"]
[Result "0-1"]
[BlackElo "1773"]
[WhiteElo "1335"]
[LiveChessVersion "1.4.8"]

1. e4 {[%clk 0:25:15]} e5 {[%clk 0:25:17]} 2. d4 {[%clk 0:25:24]} exd4
{[%clk 0:25:06]} 3. Nf3 {[%clk 0:25:33]} Nc6 {[%clk 0:24:54]} 4. Bc4
{[%clk 0:25:41]} Bc5 {[%clk 0:23:54]} 5. c3 {[%clk 0:25:46]} d3 {[%clk 0:23:09]}
6. Qxd3 {[%clk 0:25:32]} d6 {[%clk 0:22:49]} 7. O-O {[%clk 0:25:38]} Nf6
{[%clk 0:22:30]} 8. Bg5 {[%clk 0:25:17]} O-O {[%clk 0:21:52]} 9. Re1
{[%clk 0:24:34]} Bg4 {[%clk 0:21:09]} 10. h3 {[%clk 0:23:53]} Bxf3
{[%clk 0:20:34]} 11. Qxf3 {[%clk 0:23:42]} Ne5 {[%clk 0:20:38]} 12. Bxf6
{[%clk 0:22:43]} Nxf3+ {[%clk 0:20:41]} 13. gxf3 {[%clk 0:22:40]} Qxf6
{[%clk 0:20:48]} 14. Nd2 {[%clk 0:21:19]} Qh4 {[%clk 0:20:48]} 15. Re2
{[%clk 0:20:27]} Qxh3 {[%clk 0:19:58]} 16. Rd1 {[%clk 0:17:05]} Rae8
{[%clk 0:19:09]} 17. f4 {[%clk 0:16:00]} b5 {[%clk 0:18:20]} 18. Bxb5
{[%clk 0:14:46]} Re6 {[%clk 0:18:21]} 19. f5 {[%clk 0:12:03]} Rh6
{[%clk 0:17:59]} 0-1

[Event "MCR druzstev mladsich zaku 2016"]
[Site "Hradec Kralove"]
[Date "2016.06.12"]
[Round "1.9"]
[White "Frank (BSS F-M \"B\"), Adam"]
[Black "Langmajer (SK 64 Plzen), Jan"]
[Result "1-0"]
[BlackElo "1459"]
[WhiteElo "1815"]
[LiveChessVersion "1.4.8"]

1. e4 {[%clk 0:25:18]} e5 {[%clk 0:25:19]} 2. Nf3 {[%clk 0:25:27]} Nc6
{[%clk 0:25:28]} 3. Bb5 a6 {[%clk 0:25:36]} 4. Ba4 {[%clk 0:25:43]} Nf6
{[%clk 0:25:39]} 5. O-O {[%clk 0:25:51]} d6 {[%clk 0:25:48]} 6. Re1
{[%clk 0:25:59]} Bg4 {[%clk 0:25:49]} 7. c3 {[%clk 0:26:04]} Be7 {[%clk 0:25:51]}
8. d3 {[%clk 0:26:13]} h6 {[%clk 0:25:59]} 9. Nbd2 {[%clk 0:26:20]} O-O
{[%clk 0:25:54]} 10. Nf1 {[%clk 0:26:28]} b5 {[%clk 0:24:54]} 11. Bb3
{[%clk 0:26:34]} d5 {[%clk 0:23:03]} 12. h3 {[%clk 0:25:12]} Bxf3
{[%clk 0:18:22]} 13. Qxf3 {[%clk 0:25:18]} dxe4 {[%clk 0:16:47]} 14. dxe4
{[%clk 0:25:24]} Na5 {[%clk 0:07:06]} 15. Qg3 {[%clk 0:23:59]} Nh5
{[%clk 0:02:51]} 16. Qxe5 {[%clk 0:23:29]} Nf6 {[%clk 0:02:05]} 17. Qg3
{[%clk 0:21:41]} Nh5 {[%clk 0:01:34]} 18. Qf3 {[%clk 0:21:43]} Nf6
{[%clk 0:01:29]} 19. Bf4 {[%clk 0:21:16]} Nxb3 {[%clk 0:01:16]} 20. axb3
{[%clk 0:21:22]} Re8 {[%clk 0:01:03]} 21. Rad1 {[%clk 0:21:18]} Bd6
{[%clk 0:00:33]} 22. e5 {[%clk 0:21:23]} Rb8 {[%clk 0:00:11]} 23. exf6
{[%clk 0:20:54]} Qxf6 {[%clk 0:00:12]} 24. Bxd6 {[%clk 0:20:58]} Qxf3
{[%clk 0:00:13]} 25. gxf3 {[%clk 0:21:06]} cxd6 {[%clk 0:00:12]} 26. Rxe8+
{[%clk 0:21:14]} Rxe8 {[%clk 0:00:21]} 27. Rxd6 {[%clk 0:21:22]} Kh7
{[%clk 0:00:11]} 28. Ne3 {[%clk 0:21:27]} g6 {[%clk 0:00:12]} 29. Rxa6
{[%clk 0:21:31]} Rd8 {[%clk 0:00:13]} 30. Rb6 {[%clk 0:21:27]} Rd2
{[%clk 0:00:22]} 31. Rxb5 {[%clk 0:21:36]} Rxb2 {[%clk 0:00:31]} 32. c4
{[%clk 0:21:43]} Rb1+ {[%clk 0:00:27]} 33. Kg2 {[%clk 0:21:51]} Ra1
{[%clk 0:00:22]} 34. c5 {[%clk 0:21:53]} Ra8 {[%clk 0:00:20]} 35. c6
{[%clk 0:21:59]} Rc8 {[%clk 0:00:26]} 36. Rc5 {[%clk 0:22:08]} Kg8
{[%clk 0:00:14]} 37. c7 {[%clk 0:22:15]} Kf8 {[%clk 0:00:19]} 38. Nd5
{[%clk 0:22:23]} Ke8 {[%clk 0:00:17]} 39. b4 {[%clk 0:22:32]} Kd7
{[%clk 0:00:23]} 40. Nb6+ {[%clk 0:22:36]} Ke6 {[%clk 0:00:18]} 41. Nxc8
{[%clk 0:22:42]} Kd7 {[%clk 0:00:16]} 42. Nb6+ {[%clk 0:22:48]} Kd6
{[%clk 0:00:22]} 43. c8=Q {[%clk 0:22:54]} g5 {[%clk 0:00:27]} 44. Qd7# 1-0